[Event "Plzen, FSB A"]
[Site "?"]
[Date "2003.??.??"]
[Round "4.55"]
[White "Letourneur, A."]
[Black "Huisman, H."]
[Result "1/2-1/2"]
[WhiteElo "1830"]
[BlackElo "2135"]
[PlyCount "82"]
[EventDate "2003.??.??"]
[Source "ChessBase"]
[SourceDate "1996.11.15"]

1. e4 c6 2. d3 g6 3. Nc3 d6 4. g3 Bg7 5. Bg2 e5 6. Nge2 Ne7 7. O-O O-O 8. Be3
f5 9. Kh1 Nd7 10. f4 fxe4 11. dxe4 Nb6 12. Qd3 Be6 13. Bxb6 axb6 14. Rad1 d5
15. exd5 Nxd5 16. Nxd5 Bxd5 17. Bxd5+ cxd5 18. fxe5 Rxf1+ 19. Rxf1 Bxe5 20. Qb3
Kh8 21. Nf4 Qd6 22. Rd1 d4 23. Ng2 Rf8 24. Qd3 Rf2 25. Rf1 Qf6 26. Kg1 Rxf1+
27. Qxf1 Qd6 28. Qd3 Qd5 29. b3 b5 30. Nh4 Bf6 31. Nf3 Qc5 32. Kg2 Kg7 33. Kf1
Qc3 34. Qxc3 dxc3 35. Ke2 g5 36. g4 Kf7 37. Kd3 Ke6 38. Ke4 b4 39. h3 b5 40.
Ne1 Be7 41. Nd3 Bd6 1/2-1/2

[Event "Plzen, FSB A"]
[Site "?"]
[Date "2003.??.??"]
[Round "4.56"]
[White "Postupa, P."]
[Black "Houska, J."]
[Result "0-1"]
[WhiteElo "1863"]
[BlackElo "2056"]
[PlyCount "92"]
[EventDate "2003.??.??"]
[Source "ChessBase"]
[SourceDate "1996.11.15"]

1. e4 c5 2. Nf3 d6 3. d4 cxd4 4. Nxd4 Nf6 5. Nc3 g6 6. Be2 Bg7 7. O-O O-O 8.
Be3 Nc6 9. Qd2 d5 10. exd5 Nxd5 11. Nxd5 Nxd4 12. Bxd4 Qxd5 13. c3 e5 14. Be3
Qxd2 15. Bxd2 Be6 16. Be3 Rfd8 17. Rfd1 b6 18. Rxd8+ Rxd8 19. a4 Rf8 20. f3 f5
21. Ba6 Kf7 22. Kf2 f4 23. Bd2 g5 24. g4 Rd8 25. Be1 h5 26. gxh5 g4 27. Be2
gxf3 28. Bxf3 Bf5 29. a5 e4 30. Be2 Bf6 31. axb6 axb6 32. Ra7+ Ke6 33. Bc4+ Ke5
34. Ra1 Bh4+ 35. Kg1 Bxe1 36. Rxe1 f3 37. Bf7 Kf4 38. Ra1 Rd7 39. Bg6 Bxg6 40.
hxg6 Rg7 41. h4 Rxg6+ 42. Kh2 f2 43. h5 Rg4 44. c4 e3 45. Rf1 Kf3 46. b4 Rh4#
0-1

[Event "Plzen, FSB A"]
[Site "?"]
[Date "2003.??.??"]
[Round "4.57"]
[White "Kovarik, J."]
[Black "Szarowski, D."]
[Result "1-0"]
[WhiteElo "2007"]
[BlackElo "1930"]
[PlyCount "115"]
[EventDate "2003.??.??"]
[Source "ChessBase"]
[SourceDate "1996.11.15"]

1. e4 e5 2. Nf3 Nc6 3. Bb5 a6 4. Ba4 Nf6 5. O-O b5 6. Bb3 Be7 7. Re1 O-O 8. c3
d5 9. exd5 Nxd5 10. Nxe5 Nxe5 11. Rxe5 Nf6 12. d4 Bd6 13. Re1 Ng4 14. g3 Nxh2
15. Qh5 Ng4 16. Bg5 Qd7 17. Bd1 h6 18. Bxg4 Qxg4 19. Qxg4 Bxg4 20. Be3 f5 21.
f4 g5 22. Nd2 gxf4 23. Bxf4 Bxf4 24. gxf4 Rae8 25. Re5 Rxe5 26. fxe5 Kf7 27.
Kf2 Rg8 28. Rg1 Ke6 29. Ke3 Kd5 30. Nb3 h5 31. Nc5 a5 32. Nd3 Kc6 33. Nf4 Rh8
34. Rh1 Kd7 35. d5 c6 36. d6 h4 37. Ng6 Rh6 38. Nxh4 Ke6 39. Kf4 b4 40. c4 Be2
41. b3 Rh8 42. Rh2 Bd3 43. Kg5 Rg8+ 44. Kf4 Rg4+ 45. Ke3 Bb1 46. Nf3 Re4+ 47.
Kd2 Rf4 48. Ke3 Re4+ 49. Kf2 Rg4 50. Rh6+ Kd7 51. c5 Re4 52. Rh7+ Kd8 53. Ng5
Rf4+ 54. Ke3 Rf1 55. Ke2 Rg1 56. e6 Kc8 57. Rh8+ Kb7 58. e7 1-0

[Event "Plzen, FSB A"]
[Site "?"]
[Date "2003.??.??"]
[Round "5.2"]
[White "Konopka, M."]
[Black "Fedorchuk, S."]
[Result "1/2-1/2"]
[WhiteElo "2428"]
[BlackElo "2557"]
[PlyCount "22"]
[EventDate "2003.??.??"]
[Source "ChessBase"]
[SourceDate "1996.11.15"]

1. Nf3 Nf6 2. c4 e6 3. g3 b6 4. Bg2 Bb7 5. O-O Be7 6. Nc3 O-O 7. d4 Ne4 8. Nxe4
Bxe4 9. Ne1 Bxg2 10. Nxg2 d5 11. Qa4 c6 1/2-1/2

[Event "Plzen, FSB A"]
[Site "?"]
[Date "2003.??.??"]
[Round "5.3"]
[White "Neuman, P."]
[Black "Cvek, R."]
[Result "1/2-1/2"]
[WhiteElo "2438"]
[BlackElo "2471"]
[PlyCount "29"]
[EventDate "2003.??.??"]
[Source "ChessBase"]
[SourceDate "1996.11.15"]

1. d4 Nf6 2. c4 e6 3. Nc3 Bb4 4. Qc2 O-O 5. a3 Bxc3+ 6. Qxc3 b6 7. g3 Bb7 8.
Nf3 a5 9. b3 c5 10. Bg2 d5 11. Bb2 Nbd7 12. O-O cxd4 13. Nxd4 e5 14. Nb5 d4 15.
Qc2 1/2-1/2

[Event "Plzen, FSB A"]
[Site "?"]
[Date "2003.??.??"]
[Round "5.4"]
[White "Polak, T."]
[Black "Lechtynsky, J."]
[Result "1/2-1/2"]
[WhiteElo "2473"]
[BlackElo "2431"]
[PlyCount "75"]
[EventDate "2003.??.??"]
[Source "ChessBase"]
[SourceDate "1996.11.15"]

1. d4 d5 2. c4 c6 3. Nf3 Nf6 4. e3 Bg4 5. h3 Bxf3 6. Qxf3 e6 7. Nc3 g6 8. Bd3
Bg7 9. O-O O-O 10. b3 Nbd7 11. Bb2 Re8 12. Rad1 e5 13. cxd5 cxd5 14. dxe5 Nxe5
15. Qe2 Nxd3 16. Rxd3 Qa5 17. Rfd1 Ne4 18. Na4 Bxb2 19. Qxb2 Rad8 20. Nc3 Nxc3
21. Qxc3 Qxa2 22. Ra1 Qe2 23. Rxa7 Rd7 24. Ra4 Rd6 25. Rb4 Re7 26. Rb5 d4 27.
exd4 Rf6 28. f3 Ra6 29. Qd2 Ra2 30. Qxe2 Rexe2 31. Rg5 h6 32. Rg3 h5 33. h4
Rad2 34. Rxd2 Rxd2 35. Rg5 Rxd4 36. Rb5 Rxh4 37. Rxb7 Rd4 38. b4 1/2-1/2

[Event "Plzen, FSB A"]
[Site "?"]
[Date "2003.??.??"]
[Round "5.5"]
[White "Sikora-Lerch, J."]
[Black "Vokac, M."]
[Result "1/2-1/2"]
[WhiteElo "2324"]
[BlackElo "2490"]
[PlyCount "51"]
[EventDate "2003.??.??"]
[Source "ChessBase"]
[SourceDate "1996.11.15"]

1. e4 c5 2. Nf3 Nc6 3. d4 cxd4 4. Nxd4 Qb6 5. Nb3 Nf6 6. Nc3 e6 7. Bd3 Be7 8.
f4 d6 9. Qe2 Qc7 10. g4 a6 11. a4 b6 12. Be3 Nd7 13. h4 Nc5 14. h5 Nb4 15. Nd2
Ncxd3+ 16. cxd3 Nc2+ 17. Kf2 Nxa1 18. Rxa1 Rb8 19. Nf3 Bd7 20. Rc1 Qb7 21. Bd4
Bf6 22. e5 dxe5 23. Ne4 Be7 24. Bxe5 Rc8 25. Rxc8+ Qxc8 26. h6 1/2-1/2

[Event "Plzen, FSB A"]
[Site "?"]
[Date "2003.??.??"]
[Round "5.6"]
[White "Jansa, V."]
[Black "Jurek, J."]
[Result "1-0"]
[WhiteElo "2470"]
[BlackElo "2342"]
[PlyCount "149"]
[EventDate "2003.??.??"]
[Source "ChessBase"]
[SourceDate "1996.11.15"]

1. e4 e6 2. d4 d5 3. Nd2 Nf6 4. e5 Nfd7 5. c3 c5 6. Bd3 Nc6 7. Ne2 cxd4 8. cxd4
f6 9. exf6 Nxf6 10. Nf3 Bd6 11. O-O O-O 12. Bf4 Bxf4 13. Nxf4 Ne4 14. g3 Ng5
15. Ne5 Nxe5 16. dxe5 Rxf4 17. gxf4 Nh3+ 18. Kh1 Nxf4 19. Rg1 Bd7 20. Qg4 Qf8
21. Bf5 d4 22. Qxf4 Bc6+ 23. f3 Qxf5 24. Qxf5 exf5 25. Kg2 Kf7 26. Kf2 Re8 27.
Rge1 Ke6 28. Rad1 Rd8 29. f4 Be4 30. Rd2 g5 31. fxg5 Kxe5 32. h4 d3 33. Rc1 Rd7
34. Kg3 f4+ 35. Kf2 Kf5 36. Rc4 Re7 37. Rd1 Kg4 38. Rd4 Kxh4 39. Re1 d2 40. Rg1
Re5 41. Rxd2 Rxg5 42. Rd4 Rxg1 43. Kxg1 Bc6 44. Rxf4+ Kg3 45. Rf5 Kg4 46. Rf7
h5 47. Kh2 Bd5 48. Rd7 Be4 49. Rd4 Kf5 50. Kg3 Ke5 51. Rd7 a6 52. Kh4 Bf3 53.
Kg5 Bd5 54. a3 Kd4 55. Kxh5 Kc4 56. Kg5 Bc6 57. Rd2 Kb3 58. Kf4 a5 59. Ke5 a4
60. Kd4 Be8 61. Kc5 Bg6 62. Rd6 Bc2 63. Rb6+ Ka2 64. Kd4 Bb3 65. Kc3 Bd5 66.
Rb4 Bc6 67. Kc2 Bd5 68. Rd4 Bc6 69. Rd2 Be8 70. Kc3 b5 71. Kb4 Bc6 72. b3+ Ka1
73. Rd6 axb3 74. Kxb3 Be4 75. Rd1+ 1-0

[Event "Plzen, FSB A"]
[Site "?"]
[Date "2003.??.??"]
[Round "5.8"]
[White "Plischki, S."]
[Black "Simacek, P."]
[Result "1/2-1/2"]
[WhiteElo "2310"]
[BlackElo "2437"]
[PlyCount "91"]
[EventDate "2003.??.??"]
[Source "ChessBase"]
[SourceDate "1996.11.15"]

1. d4 Nf6 2. c4 c5 3. d5 e6 4. Nc3 exd5 5. cxd5 d6 6. e4 g6 7. h3 Bg7 8. Nf3
O-O 9. Bd3 a6 10. a4 Nbd7 11. O-O Rb8 12. Re1 Re8 13. Bf4 Qc7 14. Bc4 Nh5 15.
Bh2 Ne5 16. Be2 Nxf3+ 17. Bxf3 b5 18. axb5 axb5 19. Bxh5 b4 20. Na4 gxh5 21. e5
dxe5 22. d6 Qc6 23. Nxc5 Qxc5 24. d7 Bxd7 25. Qxd7 Rbd8 26. Qf5 Rd2 27. Rac1
Qd5 28. Rc8 Rxc8 29. Qxc8+ Qd8 30. Qxd8+ Rxd8 31. Bxe5 Bxe5 32. Rxe5 Rd1+ 33.
Kh2 Rd2 34. f3 Rxb2 35. Rxh5 b3 36. Rb5 Kf8 37. Rb7 Ke8 38. Kg3 Rb1 39. Kf4 Kf8
40. h4 Kg7 41. g4 b2 42. h5 Kf6 43. Rb6+ Kg7 44. Rb7 h6 45. Rb6 Kf8 46. Rb7
1/2-1/2

[Event "Plzen, FSB A"]
[Site "?"]
[Date "2003.??.??"]
[Round "5.9"]
[White "Kalod, R."]
[Black "Palek, M."]
[Result "1-0"]
[WhiteElo "2435"]
[BlackElo "2246"]
[PlyCount "155"]
[EventDate "2003.??.??"]
[Source "ChessBase"]
[SourceDate "1996.11.15"]

1. e4 e5 2. Nf3 Nc6 3. Bb5 Nf6 4. d3 d6 5. c3 Be7 6. O-O O-O 7. Re1 Bd7 8. Ba4
Re8 9. d4 Bf8 10. d5 Ne7 11. Bxd7 Nxd7 12. c4 Ng6 13. Nc3 Nf4 14. g3 Ng6 15.
Be3 Nb6 16. Qd3 Qd7 17. Kh1 Qg4 18. Nd2 f5 19. f3 fxe4 20. Ncxe4 Qf5 21. a4 Be7
22. a5 Nd7 23. a6 b6 24. Ra3 Rf8 25. Kg2 Rad8 26. Rf1 Nb8 27. Nf2 Qc8 28. Rfa1
Bf6 29. Nfe4 Rde8 30. b4 Ne7 31. c5 dxc5 32. bxc5 Nf5 33. Bf2 Qd7 34. c6 Qf7
35. Nxf6+ Qxf6 36. Ne4 Qg6 37. Kh1 Nd6 38. Re1 Rf7 39. Bg1 Ref8 40. Qe2 Rf5 41.
Re3 R5f7 42. Nd2 Qc2 43. Rxe5 Nxa6 44. Ne4 Qxe2 45. Rxe2 Nc4 46. Re6 Nb4 47. d6
Nxc6 48. Ng5 Rd7 49. dxc7 Rxc7 50. R6e4 Nd8 51. Re7 Rxe7 52. Rxe7 h6 53. Bd4
hxg5 54. Rxg7+ Kh8 55. Rxa7+ Kg8 56. Rg7+ Kh8 57. Rxg5+ Kh7 58. Rg7+ Kh6 59.
Rc7 Rxf3 60. Rxc4 b5 61. Rc5 b4 62. Rb5 b3 63. Kg2 Rd3 64. Bf6 Nf7 65. h4 Nd6
66. Rb4 Kg6 67. Be5 Nf5 68. Kh3 Ne3 69. Rb6+ Kf5 70. Bf4 Nd5 71. Rb5 Ke4 72.
Bg5 Kd4 73. h5 Kc4 74. Rb7 Nb4 75. Bf6 Rd6 76. Be7 Rd7 77. Rxd7 b2 78. Rb7 1-0

[Event "Plzen, FSB A"]
[Site "?"]
[Date "2003.??.??"]
[Round "5.10"]
[White "Blazkova, P."]
[Black "Klima, L."]
[Result "0-1"]
[WhiteElo "2222"]
[BlackElo "2425"]
[PlyCount "86"]
[EventDate "2003.??.??"]
[Source "ChessBase"]
[SourceDate "1996.11.15"]

1. e4 c5 2. Nf3 Nc6 3. d4 cxd4 4. Nxd4 Nf6 5. Nc3 e5 6. Ndb5 d6 7. Bg5 a6 8.
Na3 b5 9. Nd5 Be7 10. Bxf6 Bxf6 11. c3 Bg5 12. Nc2 Rb8 13. g3 O-O 14. Bg2 a5
15. O-O Be6 16. f4 exf4 17. gxf4 Bh6 18. Qh5 Bxd5 19. exd5 Na7 20. Nd4 Qf6 21.
Qf5 Qh4 22. Rf3 Nc8 23. Raf1 Ne7 24. Qe4 Qf6 25. Re1 Rb7 26. Bf1 b4 27. Ba6 Rc7
28. Bd3 Ng6 29. Nf5 bxc3 30. bxc3 Rxc3 31. Rh3 Bxf4 32. Rf1 Rc1 33. Rhf3 Rxf1+
34. Rxf1 Qg5+ 35. Kh1 Be5 36. h4 Qd2 37. Ne7+ Kh8 38. Nxg6+ hxg6 39. Be2 Rb8
40. Rxf7 Rb4 41. Rf8+ Kh7 42. Qg2 Rxh4+ 43. Kg1 Bd4+ 0-1

[Event "Plzen, FSB A"]
[Site "?"]
[Date "2003.??.??"]
[Round "5.11"]
[White "Michalek, J."]
[Black "Maurer, J."]
[Result "1/2-1/2"]
[WhiteElo "2390"]
[BlackElo "2180"]
[PlyCount "55"]
[EventDate "2003.??.??"]
[Source "ChessBase"]
[SourceDate "1996.11.15"]

1. e4 c5 2. Nf3 d6 3. d4 cxd4 4. Nxd4 Nf6 5. Nc3 a6 6. Bc4 e6 7. Bb3 Nbd7 8.
Bg5 Qa5 9. Qd2 Be7 10. f4 h6 11. Bxf6 Bxf6 12. O-O-O Nc5 13. Kb1 O-O 14. g4 b5
15. g5 hxg5 16. fxg5 Be5 17. Nc6 Qc7 18. Nxe5 dxe5 19. g6 Nxb3 20. gxf7+ Rxf7
21. axb3 Bb7 22. b4 Raf8 23. Qd6 Qxd6 24. Rxd6 Rf4 25. Rxe6 Bxe4 26. Nxe4 Rxe4
27. Rg1 Re2 28. Rxa6 1/2-1/2

[Event "Plzen, FSB A"]
[Site "?"]
[Date "2003.??.??"]
[Round "5.12"]
[White "Kuba, J."]
[Black "Nun, J."]
[Result "1/2-1/2"]
[WhiteElo "2180"]
[BlackElo "2358"]
[PlyCount "49"]
[EventDate "2003.??.??"]
[Source "ChessBase"]
[SourceDate "1996.11.15"]

1. e4 c6 2. d4 g6 3. Nc3 d5 4. Nf3 Nh6 5. h3 f6 6. exd5 cxd5 7. Bf4 a6 8. Qd2
Nf7 9. O-O-O Nc6 10. Kb1 Bg7 11. g4 O-O 12. Bg3 b5 13. Bg2 e6 14. h4 Na5 15. b3
Bd7 16. g5 Rc8 17. h5 Nxg5 18. hxg6 h6 19. Nxg5 fxg5 20. Nxd5 Be8 21. Nc7 Rxc7
22. Qxa5 Rd7 23. Qxa6 Bxg6 24. Qxe6+ Bf7 25. Qe3 1/2-1/2

[Event "Plzen, FSB A"]
[Site "?"]
[Date "2003.??.??"]
[Round "5.13"]
[White "Gross, D."]
[Black "Petr, M."]
[Result "1/2-1/2"]
[WhiteElo "2451"]
[BlackElo "2236"]
[PlyCount "96"]
[EventDate "2003.??.??"]
[Source "ChessBase"]
[SourceDate "1996.11.15"]

1. e4 e6 2. d4 d5 3. Nc3 Nf6 4. Bg5 Bb4 5. e5 h6 6. Bd2 Bxc3 7. bxc3 Ne4 8. Qg4
g6 9. Bd3 Nxd2 10. Kxd2 c5 11. Nf3 Nc6 12. h4 Qa5 13. Qf4 cxd4 14. Nxd4 Nxd4
15. Qxd4 Bd7 16. Rhb1 Bc6 17. a4 Rc8 18. g3 h5 19. f4 Ke7 20. Qb4+ Qxb4 21.
cxb4 Bd7 22. Ke3 Rh6 23. Kd4 Rd8 24. Rb3 Rc8 25. Raa3 Rhh8 26. Rc3 Rhd8 27. a5
Rxc3 28. Rxc3 Rc8 29. b5 Kd8 30. b6 axb6 31. axb6 Bc6 32. Ra3 Ke7 33. Ra7 Kd7
34. Ba6 Kd8 35. Be2 Ke7 36. Bf3 Rd8 37. Ra5 Rc8 38. Ra7 Rd8 39. c3 f5 40. Be2
Rb8 41. Kc5 Kd7 42. Ba6 Rc8 43. Kb4 Rb8 44. Be2 Rc8 45. Ra1 Ke7 46. Ra5 Kd7 47.
Kc5 Ke7 48. Kd4 Kd7 1/2-1/2

[Event "Plzen, FSB A"]
[Site "?"]
[Date "2003.??.??"]
[Round "5.14"]
[White "Bernasek, J."]
[Black "Trkulja, Z."]
[Result "1-0"]
[WhiteElo "2402"]
[BlackElo "2220"]
[PlyCount "69"]
[EventDate "2003.??.??"]
[Source "ChessBase"]
[SourceDate "1996.11.15"]

1. d4 Nf6 2. c4 c5 3. d5 e6 4. Nc3 exd5 5. cxd5 Bd6 6. Nf3 Bc7 7. g3 d6 8. Bg2
O-O 9. O-O a6 10. a4 Re8 11. e4 Nbd7 12. Re1 Rb8 13. Qd3 Nf8 14. Bd2 Ng6 15.
Nh4 Nxh4 16. gxh4 Qe7 17. a5 b5 18. axb6 Bxb6 19. Na4 Bd8 20. Bc3 Ng4 21. Qg3
Rb3 22. Bh3 f5 23. f3 Ne5 24. Bxf5 Qc7 25. Bxc8 Bxh4 26. Qg2 Qxc8 27. Rf1 Bf6
28. Kh1 Nd7 29. Rg1 Re7 30. Bxf6 Nxf6 31. Nc3 Qb7 32. Ra2 Nh5 33. Qg5 Re5 34.
Qd8+ Kf7 35. Qxd6 1-0

[Event "Plzen, FSB A"]
[Site "?"]
[Date "2003.??.??"]
[Round "5.15"]
[White "Zeleny, T."]
[Black "Pribyl, J."]
[Result "1/2-1/2"]
[WhiteElo "2187"]
[BlackElo "2393"]
[PlyCount "40"]
[EventDate "2003.??.??"]
[Source "ChessBase"]
[SourceDate "1996.11.15"]

1. e4 Nf6 2. e5 Nd5 3. d4 d6 4. c4 Nb6 5. exd6 cxd6 6. Be2 g6 7. Nf3 Bg7 8. Be3
O-O 9. O-O Bg4 10. Nbd2 Nc6 11. d5 Bxf3 12. Nxf3 Ne5 13. Nd2 e6 14. Qb3 exd5
15. cxd5 f5 16. f4 Ng4 17. Bxg4 fxg4 18. Ne4 h6 19. Rae1 Qd7 20. Ng3 Na4
1/2-1/2

[Event "Plzen, FSB A"]
[Site "?"]
[Date "2003.??.??"]
[Round "5.16"]
[White "Kubikova, A."]
[Black "Freisler, P."]
[Result "0-1"]
[WhiteElo "2170"]
[BlackElo "2329"]
[PlyCount "96"]
[EventDate "2003.??.??"]
[Source "ChessBase"]
[SourceDate "1996.11.15"]

1. e4 Nf6 2. e5 Nd5 3. d4 d6 4. Nf3 c6 5. c4 Nc7 6. exd6 exd6 7. Be2 Be7 8. O-O
O-O 9. Nc3 Bf5 10. Bf4 Nd7 11. d5 c5 12. Bd3 Bxd3 13. Qxd3 a6 14. Ne4 Nf6 15.
Nfg5 Nxe4 16. Nxe4 f5 17. Nc3 Bg5 18. Bxg5 Qxg5 19. f4 Qf6 20. a3 b5 21. b3
Rab8 22. Rab1 Rfe8 23. Rfe1 Qd4+ 24. Qxd4 cxd4 25. Na2 bxc4 26. bxc4 Rxe1+ 27.
Rxe1 a5 28. Rd1 Rb2 29. Nc1 Rb1 30. Kf1 Na6 31. Ke2 Nc5 32. Na2 d3+ 33. Ke1 Rb3
34. a4 Ra3 35. Nc1 Kf7 36. Rd2 Rc3 37. Rd1 Rxc4 38. Nxd3 Nxd3+ 39. Rxd3 Rxf4
40. Rb3 Rxa4 41. Rb7+ Kf6 42. Rd7 Rg4 43. Rxd6+ Ke5 44. Ra6 Rxg2 45. d6 Ke6 46.
Rxa5 Kxd6 47. Rxf5 Rxh2 48. Kf1 Ke6 0-1

[Event "Plzen, FSB A"]
[Site "?"]
[Date "2003.??.??"]
[Round "5.17"]
[White "Londyn, R."]
[Black "Gross, S."]
[Result "1-0"]
[WhiteElo "2152"]
[BlackElo "2328"]
[PlyCount "87"]
[EventDate "2003.??.??"]
[Source "ChessBase"]
[SourceDate "1996.11.15"]

1. c4 c5 2. g3 g6 3. Bg2 Bg7 4. Nc3 Nc6 5. a3 h5 6. h3 d6 7. Rb1 a5 8. e3 Nh6
9. Nge2 Nf5 10. b3 Bd7 11. Bb2 O-O 12. d3 e6 13. Qd2 Qe7 14. O-O Rab8 15. Rbd1
b6 16. Kh2 Rfd8 17. Nb5 Be8 18. Bxg7 Kxg7 19. d4 a4 20. bxa4 Na5 21. e4 Nb3 22.
Qb2 Nfxd4 23. Nexd4 Nxd4 24. Nxd4 cxd4 25. Rxd4 Kg8 26. Qb4 e5 27. Rd2 Ra8 28.
Qxb6 Bxa4 29. h4 Rab8 30. Qa5 Ra8 31. Qb4 Qc7 32. Rc1 Bc6 33. c5 dxc5 34. Rxd8+
Qxd8 35. Rxc5 Rb8 36. Qc3 Bd7 37. Qxe5 Ra8 38. Rd5 Qc8 39. Qe7 Be6 40. Rc5 Qa6
41. e5 Ra7 42. Qd8+ Kh7 43. Rc3 Rd7 44. Qf6 1-0

[Event "Plzen, FSB A"]
[Site "?"]
[Date "2003.??.??"]
[Round "5.18"]
[White "Reitinger, P."]
[Black "Folk, P."]
[Result "1/2-1/2"]
[WhiteElo "2083"]
[BlackElo "2284"]
[PlyCount "106"]
[EventDate "2003.??.??"]
[Source "ChessBase"]
[SourceDate "1996.11.15"]

1. e4 c5 2. d4 cxd4 3. c3 Nf6 4. e5 Nd5 5. cxd4 d6 6. Nf3 Nc6 7. Bc4 Nb6 8. Bb5
dxe5 9. Nxe5 Bd7 10. Bxc6 Bxc6 11. Nxc6 bxc6 12. O-O g6 13. Nc3 Bg7 14. Qf3 Rc8
15. Rd1 O-O 16. Bf4 Nd5 17. Be5 Qa5 18. Bxg7 Kxg7 19. Ne4 Rb8 20. b3 Rfd8 21.
Nc5 Rd6 22. a3 Qd8 23. Ne4 Re6 24. Rac1 Rb5 25. a4 Rb4 26. Nc5 Rf6 27. Qe2 Nf4
28. Qe5 Rxd4 29. Rxd4 Qxd4 30. Qxd4 Ne2+ 31. Kf1 Nxd4 32. Rc4 Rd6 33. Nb7 Rd5
34. b4 e5 35. Na5 Rd6 36. Nb7 Re6 37. Nd8 Rd6 38. Nb7 Re6 39. Nd8 Rf6 40. Rc5
Rd6 41. Nb7 Re6 42. Nd8 Rd6 43. Nb7 Rd5 44. Rc4 f6 45. Na5 Rd6 46. Nb7 Rd7 47.
Na5 Rd6 48. Nb7 Rd7 49. Na5 Rc7 50. f4 Kf7 51. fxe5 fxe5 52. Rc5 Ke6 53. Kf2
Rf7+ 1/2-1/2

[Event "Plzen, FSB A"]
[Site "?"]
[Date "2003.??.??"]
[Round "5.19"]
[White "Studnicka, T."]
[Black "Folkova, M."]
[Result "1-0"]
[WhiteElo "2282"]
[BlackElo "2179"]
[PlyCount "57"]
[EventDate "2003.??.??"]
[Source "ChessBase"]
[SourceDate "1996.11.15"]

1. d4 g6 2. c4 Bg7 3. e4 d6 4. Nc3 Nd7 5. Be3 e6 6. Nf3 Ne7 7. Qd2 h6 8. g3 Nf6
9. h3 d5 10. e5 Nd7 11. cxd5 exd5 12. Bg2 c6 13. O-O Nb6 14. b3 Nf5 15. Rae1
Nxe3 16. Rxe3 Be6 17. Ne1 h5 18. Nd3 Bh6 19. f4 Nd7 20. Na4 Qe7 21. Qe2 b6 22.
Qd2 Rc8 23. Rc1 a5 24. b4 axb4 25. Nxb4 c5 26. Nxd5 Bxd5 27. Bxd5 O-O 28. e6
cxd4 29. exf7+ 1-0

[Event "Plzen, FSB A"]
[Site "?"]
[Date "2003.??.??"]
[Round "5.21"]
[White "Kantorik, M."]
[Black "Maupin, JP."]
[Result "1-0"]
[WhiteElo "2272"]
[BlackElo "2040"]
[PlyCount "73"]
[EventDate "2003.??.??"]
[Source "ChessBase"]
[SourceDate "1996.11.15"]

1. d4 f5 2. c4 Nf6 3. g3 g6 4. Bg2 Bg7 5. Nc3 O-O 6. Nf3 d6 7. O-O Qe8 8. d5
Na6 9. Rb1 Nc5 10. b4 Nce4 11. Nb5 Qd8 12. Qd3 h6 13. Bb2 c6 14. Nc3 Qe8 15.
Nd2 Nxd2 16. Qxd2 Bd7 17. e4 f4 18. gxf4 Nh5 19. Ne2 Qf7 20. Bxg7 Kxg7 21. e5
Nxf4 22. e6 Nxe6 23. dxe6 Bxe6 24. Rbc1 Kh7 25. Qc3 Bg4 26. f3 Bd7 27. Ng3 Qf4
28. Rfe1 Rae8 29. Re4 Qf7 30. Rce1 e5 31. a3 Bf5 32. R4e3 Rd8 33. f4 Be6 34.
fxe5 Bxc4 35. e6 Qf2+ 36. Kh1 Qa2 37. e7 1-0

[Event "Plzen, FSB A"]
[Site "?"]
[Date "2003.??.??"]
[Round "5.22"]
[White "Rehorek, M."]
[Black "Jaros, M."]
[Result "1-0"]
[WhiteElo "2254"]
[BlackElo "1997"]
[PlyCount "63"]
[EventDate "2003.??.??"]
[Source "ChessBase"]
[SourceDate "1996.11.15"]

1. Nf3 Nf6 2. c4 g6 3. b4 Bg7 4. Bb2 O-O 5. d3 d6 6. g3 a5 7. b5 c6 8. Bg2 e5
9. bxc6 bxc6 10. O-O Nbd7 11. Nbd2 Rb8 12. Bc3 Re8 13. Qa4 Nc5 14. Qa3 a4 15.
Rad1 Qe7 16. Bb4 Nfd7 17. e3 Bf8 18. d4 Na6 19. Bc3 e4 20. Ne1 d5 21. Qxa4 Nb6
22. Qa5 Bg4 23. Rc1 Qb7 24. c5 Nc4 25. Nxc4 dxc4 26. Rc2 Nc7 27. h3 Nd5 28. Rb2
Qxb2 29. Bxb2 Be2 30. Qd2 Bxf1 31. Bxf1 Rb4 32. a3 1-0

[Event "Plzen, FSB A"]
[Site "?"]
[Date "2003.??.??"]
[Round "5.23"]
[White "Ondrejat, M."]
[Black "Horak, M."]
[Result "0-1"]
[WhiteElo "2133"]
[BlackElo "2341"]
[PlyCount "72"]
[EventDate "2003.??.??"]
[Source "ChessBase"]
[SourceDate "1996.11.15"]

1. e4 c5 2. Nf3 g6 3. d4 Bg7 4. c3 cxd4 5. cxd4 Nf6 6. Nc3 d5 7. e5 Ne4 8. Bd3
Nxc3 9. bxc3 O-O 10. O-O Nc6 11. Bf4 Bg4 12. h3 Bxf3 13. Qxf3 e6 14. Rac1 Qa5
15. Bb1 Rfc8 16. Bg5 a6 17. g4 Rc7 18. Qe3 Na7 19. f4 Rac8 20. f5 Rxc3 21. Rxc3
Qxc3 22. Qf4 gxf5 23. gxf5 Qxh3 24. Bh4 Nb5 25. fxe6 fxe6 26. Qf7+ Kh8 27. Qh5
Qe3+ 28. Kh2 Qh6 29. Qxh6 Bxh6 30. Rf7 Bg7 31. Bf6 Rg8 32. Rxb7 Nxd4 33. Ra7
Nc6 34. Rxa6 Nxe5 35. Bxg7+ Rxg7 36. Rxe6 Nf3+ 0-1

[Event "Plzen, FSB A"]
[Site "?"]
[Date "2003.??.??"]
[Round "5.24"]
[White "Hrbolka jr., L."]
[Black "Jirasek, P."]
[Result "1/2-1/2"]
[WhiteElo "2207"]
[BlackElo "2126"]
[PlyCount "91"]
[EventDate "2003.??.??"]
[Source "ChessBase"]
[SourceDate "1996.11.15"]

1. e4 c5 2. Nf3 e6 3. d4 cxd4 4. Nxd4 Nf6 5. Nc3 Nc6 6. Ndb5 Bb4 7. a3 Bxc3+ 8.
Nxc3 d5 9. exd5 exd5 10. Bd3 O-O 11. O-O d4 12. Ne2 Qd5 13. Nf4 Qd6 14. Nh5
Nxh5 15. Qxh5 h6 16. Re1 Bd7 17. Qf3 Rfe8 18. Bf4 Qf6 19. Qd5 Qxf4 20. Qxd7 Ne5
21. Qa4 Nc6 22. Qb5 Qc7 23. h4 Ne5 24. Re4 a6 25. Qa4 Nc6 26. Rae1 Qd7 27. Qb3
Re7 28. Rxe7 Nxe7 29. Qb4 Nc6 30. Qc5 Re8 31. Rxe8+ Qxe8 32. g3 Qe6 33. Kg2 g6
34. b4 Qf6 35. a4 Ne7 36. Be4 b6 37. Qc7 Kg7 38. a5 bxa5 39. bxa5 Qe6 40. Qb7
f5 41. Bd3 Qc6+ 42. Qxc6 Nxc6 43. Bxa6 Nxa5 44. Kf3 Kf6 45. Ke2 g5 46. hxg5+
1/2-1/2

[Event "Plzen, FSB A"]
[Site "?"]
[Date "2003.??.??"]
[Round "5.25"]
[White "Bartonicek sr., Z."]
[Black "Brom, J."]
[Result "1/2-1/2"]
[WhiteElo "2127"]
[BlackElo "2201"]
[PlyCount "49"]
[EventDate "2003.??.??"]
[Source "ChessBase"]
[SourceDate "1996.11.15"]

1. d4 Nf6 2. Nf3 g6 3. Nc3 d5 4. Bg5 Bg7 5. h3 Ne4 6. Bf4 Nxc3 7. bxc3 b6 8. e3
O-O 9. Be2 c5 10. O-O Nc6 11. Qd2 cxd4 12. cxd4 Na5 13. Ne5 Bb7 14. Rfc1 Rc8
15. Qb4 e6 16. Bb5 Bxe5 17. dxe5 Kg7 18. Bg3 Nc4 19. Qa4 Qc7 20. Bxc4 dxc4 21.
f3 Qc5 22. Qd7 Rc7 23. Qd4 Qxd4 24. exd4 Rd7 25. Bf2 1/2-1/2

[Event "Plzen, FSB A"]
[Site "?"]
[Date "2003.??.??"]
[Round "5.26"]
[White "Novacek, K."]
[Black "Priborsky, J."]
[Result "1/2-1/2"]
[WhiteElo "2116"]
[BlackElo "2181"]
[PlyCount "41"]
[EventDate "2003.??.??"]
[Source "ChessBase"]
[SourceDate "1996.11.15"]

1. e4 c5 2. b3 d6 3. Bb2 Nf6 4. Nc3 e5 5. f4 Nc6 6. fxe5 dxe5 7. Nf3 Bg4 8. Bb5
Qb6 9. h3 Bxf3 10. Qxf3 O-O-O 11. Bxc6 Qxc6 12. Qf5+ Kb8 13. d3 Bd6 14. O-O-O
b5 15. Rhf1 Rhf8 16. Kb1 h6 17. g4 Ne8 18. Nd5 f6 19. c4 Nc7 20. h4 Nxd5 21.
exd5 1/2-1/2

[Event "Plzen, FSB A"]
[Site "?"]
[Date "2003.??.??"]
[Round "5.28"]
[White "Pech, V."]
[Black "Pokrupa, M."]
[Result "1/2-1/2"]
[WhiteElo "2171"]
[BlackElo "2115"]
[PlyCount "24"]
[EventDate "2003.??.??"]
[Source "ChessBase"]
[SourceDate "1996.11.15"]

1. e4 e6 2. d4 d5 3. Nd2 Nf6 4. e5 Nfd7 5. Bd3 c5 6. c3 Nc6 7. Ngf3 Qb6 8. O-O
cxd4 9. cxd4 Nxd4 10. Nxd4 Qxd4 11. Nf3 Qb6 12. Qa4 Qb4 1/2-1/2